Focus sur: Bouclefeuille - Tolkien - Statistiques

Statistiques générales
  • Ce quiz a été pris 10 fois
  • Le résultat moyen est 5 sur 7
Statistiques - réponses
Informations recherchées Réponses % Correct
Espèce Ent
100%
Contrées Fangorn
100%
Profession et titre Gardien la forêt de Fangorn
100%
Première apparition Le Seigneur des Anneaux: Les Deux Tours
100%
Ages durant lesquels il vécut Premier/Deuxième/Troisième (au moins)
100%
Autre nom Finglas
20%
Autre traduction du nom Bouclesfeuilles
0%
Aucun quiz correspondant
Distribution des résultats
% des personnes avec chaque résultat
Percentile par nombre de réponses
Votre historique - résultats
Vous n’avez pas pris ce quiz